| 000 | 01079aam a2200373 4500 | ||
|---|---|---|---|
| 005 | 20250613153528.0 | ||
| 008 | 150625b2013 xxu||||| |||| 00| 0 spa d | ||
| 020 | _a9786071509222 | ||
| 041 | _aESP | ||
| 082 | _a658.404 B116e7 | ||
| 100 | _aBaca Urbina, Gabriel | ||
| 245 | _aEvaluación de proyectos | ||
| 250 | _a7 edición | ||
| 260 | _aMéxico | ||
| 260 | _bMcGraw-Hill | ||
| 260 | _c2013 | ||
| 300 | _a371 páginas | ||
| 490 | _aDirección y Administración de Empresas | ||
| 650 | _aGESTIÓN DE PROYECTOS | ||
| 650 | _aEVALUACIÓN DE PROYECTOS | ||
| 650 | _aPLANEACIÓN ESTRATÉGICA | ||
| 650 | _aMERCADEO | ||
| 650 | _aESTUDIO DE MERCADO | ||
| 650 | _aESTUDIO TÉCNICO | ||
| 650 | _aPLANEACIÓN ESTRATÉGICA DE LA EMPRESA | ||
| 650 | _aORGANIZACIÓN DEL RECURSO HUMANO | ||
| 650 | _aORGANIGRAMA GENERAL DE LA EMPRESA | ||
| 650 | _aESTUDIO ECONÓMICO | ||
| 650 | _aMÉTODOS DE EVALUACIÓN | ||
| 650 | _aEVALUACIÓN ECONÓMICA | ||
| 650 | _aADMINISTRACIÓN DEL RIESGO | ||
| 650 | _aMEDICIÓN DEL RIESGO DE MERCADO | ||
| 942 |
_cBK _2ddc |
||
| 999 |
_c3092 _d3092 |
||